000 00377nam a2200145Ia 4500
008 231129s2000||||xx |||||||||||||| ||spa||
020 _a970-643-087-3
040 _bspa
082 _a745.5928 R456b
100 _aReyes Cordova Jose de Jesus
245 0 _aBarritas y pelotitas
260 _c2000
264 _aSelector
942 _2ddc
_cBKS
999 _c6045
_d6045